000 00422nam a22001697a 4500
003 MACL
005 20211209153548.0
008 211209b |||||||| |||| 00| 0 eng d
040 _cMACL
082 _a294
100 _aDWIVEDI,OM
_936566
245 _aHINDUISM
_bORIGINS, BELIEFS AND RELIGIOUS TOLERANCE
260 _aNEW DELHI
_bNONI BOOKS
_c2016
300 _ap240
650 _aHINDU RELIGION
_9350
942 _2ddc
_cBK
999 _c64538
_d64538